Pozycja Geographic Name
Liczba rekordów, w których użyto hasła: 1
001 - Numer kontrolny
- control field: 40840
003 - Identyfikator numeru kontrolnego
- control field: NUKAT
005 - Data i czas ostatniej modyfikacji
- control field: 20260428210915.0
008 - Dane kontrolne kodowane (40 znaków)
- fixed length control field: 170322n||azznnbabn |a ana |
010 ## - Numer kontrolny Biblioteki Kongresu
- numer kontrolny LC: p 2017044525
034 ## - CODED CARTOGRAPHIC MATHEMATICAL DATA
- Coordinates - westernmost longitude: E0195617
- Coordinates - easternmost longitude: E0195617
- Coordinates - northernmost latitude: N0500341
- Coordinates - southernmost latitude: N0500341
- Source: wikiped
035 ## - Numer systemowy
- numer systemowy: a36098218
035 ## - Numer systemowy
- numer systemowy: (PL)a0000003609821
040 ## - Instytucja sporządzająca rekord
- inst. przygot. dane do rek. khw: WA N
- język haseł przedmiotowych/tezaurus: DBN
- inst. wprow. rek. khw: WA N
043 ## - Kod obszaru geograficznego
- ISO code: PL
045 2# - Okres czasu dla hasła
- okr. czasu od 9999 pne do n.e.: d1314
- okr. czasu od 9999 pne do n.e.: d1795
151 ## - Hasło - nazwa geograficzna
- nazwa geograficzna: Województwo krakowskie (1314-1795)
368 ## - Other Attributes
- Juris type: Województwa
451 ## - Trop zob. - nazwa geograficzna
- nazwa geograficzna: Krakowskie, województwo
451 ## - Trop zob. - nazwa geograficzna
- nazwa geograficzna: Palatinatus Cracoviensis
451 ## - Trop zob. - nazwa geograficzna
- nazwa geograficzna: Woywodschaft Krakau
551 ## - Trop zob. też - nazwa geograficzna
- podpole kontrolne: h
- nazwa geograficzna: Powiat biecki (ok. 1350-1783)
551 ## - Trop zob. też - nazwa geograficzna
- podpole kontrolne: h
- nazwa geograficzna: Powiat czchowski (ok. 1357-1772)
551 ## - Trop zob. też - nazwa geograficzna
- podpole kontrolne: h
- nazwa geograficzna: Powiat sądecki (?-1772)
551 ## - Trop zob. też - nazwa geograficzna
- podpole kontrolne: h
- nazwa geograficzna: Starostwo krzepickie (1356-1793)
551 ## - Trop zob. też - nazwa geograficzna
- podpole kontrolne: h
- nazwa geograficzna: Starostwo libuskie (15..-1795)
670 ## - Źródło informacji
- źródło informacji: Wikipedia
675 ## - Źródło nie podające informacji
- wskazanie źródła: GeoNames